Capitali del mondo che iniziano con la D - Statistics

Statistiche generali
  • Questo quiz è stato fatto 676 volte
  • Il punteggio medio è 6 su 8
Statistiche sulle risposte
Risposte % Corretto
Dublino
84%
Dacca
74%
Damasco
73%
Dodoma
70%
Dakar
66%
Doha
64%
Dili
62%
Dusanbe
58%
Nessun quiz corrispondente trovato
Distribuzione punteggi
Percentuale di utenti per punteggio
Percentile per numero di risposta
I tuoi punteggi nel tempo
Non hai fatto questo quiz